[Event "Plzen KB opJ-A"]
[Site "Plzen"]
[Date "1997.??.??"]
[Round "7"]
[White "Kubala, Petr"]
[Black "Skatchkov, Pavel"]
[Result "1-0"]
[WhiteElo "2260"]
[BlackElo "2435"]

1.e4 c5 2.Nf3 Nc6 3.Bb5 Nf6 4.Nc3 Nd4 5.Bc4 d6 6.Nxd4 cxd4 7.Nd5 Nxe4 8.Qe2 Nc5
9.b4 Nd7 10.Bb2 e6 11.Bxd4 b6 12.O-O Bb7 13.Rae1 Be7 14.Nxe7 Qxe7 15.f4 Rg8
16.a4 g5 17.f5 e5 18.a5 bxa5 19.bxa5 Nf6 20.a6 Bc6 21.Bb5 Bxb5 22.Qxb5+ Qd7
23.Qb4 Rc8 24.Rf3 Nd5 25.Qb7 Ne7 26.Bxe5 Rc7 27.Qb8+ Rc8 28.Qxd6 Rc6 29.Qb4 f6
30.Rd3 Nd5 31.Bd6+ Kf7 32.Rxd5 Re8 33.Rxe8 Qxe8 34.Qb7+ Kg8 35.Be7 Rb6 36.Rd8  1-0

[Event "Plzen KB opJ-A"]
[Site "Plzen"]
[Date "1997.??.??"]
[Round "9"]
[White "Kubala, Petr"]
[Black "Cvek, Robert"]
[Result "1/2-1/2"]
[WhiteElo "2260"]
[BlackElo "2390"]

1.e4 c5 2.Nf3 Nc6 3.Bb5 g6 4.O-O Bg7 5.Bxc6 bxc6 6.d3 Nh6 7.h3 f6 8.Be3 d6
9.d4 cxd4 10.Nxd4 Qc7 11.f4 f5 12.e5 dxe5 13.fxe5 Qxe5 14.Re1 Qd6 15.Na3 O-O
16.Qd3 Nf7 17.Rad1 f4 18.Bf2 e5 19.Nb3 Qxd3 20.cxd3 Bf5 21.Nc4 Rfd8 22.Nc5 Rd5
23.b3 g5 24.a4 Bf8 25.Ne4 Kg7 26.Nc3 Rxd3 27.Rxd3 Bxd3 28.Nxe5 Nxe5 29.Rxe5 h6
30.Ne4 Bxe4 31.Rxe4 a5 32.Re6 Rb8 33.Rxc6 Rxb3 34.Bc5 Rb1+ 35.Kf2 Rb2+ 36.Kf3 Rb3+
37.Kf2 Bxc5+ 38.Rxc5 Kg6 39.Rxa5 Kh5 40.Ra6 Rb2+ 41.Kf3 Rb3+ 42.Kf2 Rb2+  1/2-1/2

[Event "ESP-chT"]
[Site "Ponferrada"]
[Date "1997.??.??"]
[Round "7"]
[White "Tkachiev, Vladislav"]
[Black "Franco Ocampo, Zenon"]
[Result "1-0"]
[WhiteElo "2615"]
[BlackElo "2480"]

1.e4 c5 2.Nf3 Nc6 3.Bb5 e6 4.O-O Nge7 5.c3 a6 6.Be2 d5 7.exd5 Nxd5 8.d4 cxd4
9.Nxd4 Bd7 10.Bf3 Nf6 11.Nxc6 Bxc6 12.Bxc6+ bxc6 13.Nd2 Be7 14.Nc4 O-O 15.Bf4 Nd5
16.Bg3 f6 17.Qa4 Qd7 18.Na5 Rfc8 19.Rad1 Qe8 20.c4 Nb6 21.Qb3 Nd7 22.Qf3 Nf8
23.Bd6 Bxd6 24.Rxd6 c5 25.b3 Qf7 26.Rfd1 Qc7 27.Nc6 a5 28.Qe3 a4 29.g3 axb3
30.axb3 h6 31.Qxc5 Ra6 32.Rd8 Rxd8 33.Rxd8 Qxc6 34.Rxf8+ Kh7 35.Qxc6 Rxc6
36.Rd8 e5 37.Kf1 Kg6 38.Ke2 e4 39.Rd5  1-0

[Event "POR-chT"]
[Site "?"]
[Date "1997.??.??"]
[Round "?"]
[White "Damaso, Rui"]
[Black "Antunes, Antonio"]
[Result "1-0"]
[WhiteElo "2485"]
[BlackElo "2490"]

1.e4 c5 2.Nf3 Nc6 3.Bb5 g6 4.O-O Bg7 5.c3 Nf6 6.e5 Nd5 7.d4 cxd4 8.cxd4 O-O
9.Nc3 Nc7 10.Bg5 Nxb5 11.Nxb5 a6 12.Nd6 h6 13.Bh4 g5 14.Bxg5 hxg5 15.Nxg5 f6
16.exf6 Rxf6 17.Qb3+ Re6 18.Nf5 Qf8 19.Nxe6 dxe6 20.Nxg7 Qxg7 21.Rad1 b5
22.Rd3 Nxd4 23.Qd1 Nf5 24.Qf3 Rb8 25.Rd8+ Kf7 26.Qh5+ Kf6 27.f4 Ra8 28.g4 Nd6
29.Qe5+ Kf7 30.Qh5+ Kf6 31.Rh8 Bb7 32.Rh6+ Qxh6 33.Qxh6+ Kf7 34.Qh5+ Kf8
35.Qe5 Rc8 36.Re1 Bd5 37.f5 Nf7 38.Qe3 Rc4 39.h3 e5 40.Rd1 Bc6 41.Rc1 Re4
42.Qa7  1-0

[Event "POL-ch sf"]
[Site "Poraj "]
[Date "1997.??.??"]
[Round "10"]
[White "Pedzich, Dominik"]
[Black "Cyborowski, Lukasz"]
[Result "1/2-1/2"]
[WhiteElo "2465"]
[BlackElo "2370"]

1.e4 c5 2.Nf3 Nc6 3.Bb5 e6 4.O-O Nge7 5.Re1 Nd4 6.Nxd4 cxd4 7.d3 a6 8.Bc4 Nc6
9.Nd2 b5 10.Bb3 Bc5 11.Qh5 d6 12.a4 Rb8 13.axb5 axb5 14.e5 dxe5 15.Ne4 Be7
16.Ng5 Bxg5 17.Bxg5 Qc7 18.f4 exf4 19.Re4 e5 20.Bxf4 O-O 21.Rxe5 Rb7 22.Re4 Qd8
23.Qc5 Bd7 24.Bd6 Re8 25.Rf1 Be6 26.Rfe1 Qb6 27.Bxe6 Qxc5 28.Bxc5 Rxe6 29.Rxe6 fxe6
30.Rxe6 Rc7 31.Rd6 b4 32.Bxd4 Nxd4 33.Rxd4 Rxc2 34.Rxb4 Rd2 35.Rb3 Kf7 36.h4 Kf6
37.Kh2 g5 38.hxg5+ Kxg5 39.Kg3 h5 40.Rb5+ Kg6 41.Rb3 Kg5 42.Kh3 Kf5 43.Rb8 Rxd3+
44.Kh4 Kg6 45.Rb6+ Kf5 46.b4 Rb3 47.Rb5+ Kf6 48.g3 Kf7 49.Rb6 Kg7 50.b5 Kf7
51.Rb8 Kg7 52.b6 Kg6 53.b7 Kg7 54.Kxh5 Rb5+ 55.Kh4 Rb4+ 56.g4 Rb3 57.Kg5 Rb5+
58.Kf4 Rb4+ 59.Ke5 Rb1 60.Kf5 Rb5+ 61.Kf4 Rb4+  1/2-1/2

[Event "Pori We PSY"]
[Site "Pori"]
[Date "1997.??.??"]
[Round "5"]
[White "Nyysti, Sampsa"]
[Black "Vooremaa, Andres"]
[Result "1/2-1/2"]
[WhiteElo "2110"]
[BlackElo "2290"]

1.e4 c5 2.Nf3 Nc6 3.Bb5 Qb6 4.Nc3 e6 5.O-O a6 6.Bc4 d6 7.Re1 Nf6 8.d3 Be7
9.Bb3 O-O 10.Bf4 Nd7 11.Ne2 Na5 12.Ng3 Qc7 13.e5 b5 14.exd6 Bxd6 15.Bxd6 Qxd6
16.Ng5 Bb7 17.Nxe6 Nxb3 18.Nf5 Qxe6 19.Ne7+ Kh8 20.Rxe6 fxe6 21.Qh5 Rfe8
22.Ng6+ Kg8 23.axb3 hxg6 24.Qxg6 Rad8 25.Re1 Nf6 26.Re3 Re7 27.Rg3 Rf7 28.h4 Rd5
29.Rg5 Kf8 30.Rxd5 Bxd5 31.c4 bxc4 32.bxc4 Bb7 33.Qg5 Rc7 34.Qe5 Rc6 35.Qb8+ Bc8
36.Qa8 Rc7 37.Qb8  1/2-1/2

[Event "Portoroz op"]
[Site "Portoroz"]
[Date "1997.??.??"]
[Round "?"]
[White "Grosar, Aljosa"]
[Black "Sutovskij, Emil"]
[Result "1-0"]
[WhiteElo "2495"]
[BlackElo "2560"]

1.e4 c5 2.Nf3 Nc6 3.Bb5 g6 4.Bxc6 dxc6 5.d3 Bg7 6.h3 e5 7.Be3 Qe7 8.Nbd2 Be6
9.O-O Nh6 10.c3 Qd6 11.Nc4 Bxc4 12.dxc4 Qe7 13.Qa4 O-O 14.b4 cxb4 15.cxb4 Qe6
16.b5 f5 17.bxc6 bxc6 18.Rfd1 Nf7 19.Rab1 Rfd8 20.Rxd8+ Rxd8 21.Qxa7 Qxc4
22.Rb8 Bf6 23.Rxd8+ Bxd8 24.Qd7 Qxe4 25.Bh6 Nxh6 26.Qxd8+ Kg7 27.Qe7+ Kg8
28.Ng5 Qe1+ 29.Kh2 Qxf2 30.Ne6  1-0

[Event "Portoroz op"]
[Site "Portoroz"]
[Date "1997.??.??"]
[Round "?"]
[White "Sutovskij, Emil"]
[Black "Daels, Marc"]
[Result "1-0"]
[WhiteElo "2560"]
[BlackElo "2245"]

1.e4 c5 2.Nf3 Nc6 3.Bb5 g6 4.Bxc6 dxc6 5.d3 Bg7 6.h3 e5 7.Be3 Qe7 8.Nbd2 f6
9.Nc4 Be6 10.Qd2 Bxc4 11.dxc4 b6 12.O-O-O Rd8 13.Qc3 Nh6 14.Rxd8+ Qxd8 15.h4 Qd7
16.Rd1 Qc7 17.h5 g5 18.a3 Nf7 19.b4 cxb4 20.axb4 O-O 21.c5 b5 22.Qb3 a5 23.bxa5 Qxa5
24.Rd7 Qa1+ 25.Kd2 Qh1 26.Ne1 Qxh5 27.Qe6 Ra8 28.g4 Qg6 29.Qxc6 Ra1 30.Qd5 h5
31.c6 h4 32.c7 Rxe1 33.Kxe1 h3 34.c8=Q+  1-0

[Event "Portoroz op"]
[Site "Portoroz"]
[Date "1997.??.??"]
[Round "?"]
[White "Grosar, Aljosa"]
[Black "Daels, Marc"]
[Result "1/2-1/2"]
[WhiteElo "2495"]
[BlackElo "2245"]

1.e4 c5 2.Nf3 Nc6 3.Bb5 g6 4.Bxc6 bxc6 5.O-O Bg7 6.Re1 Nf6 7.c3 O-O 8.h3 Qb6
9.e5 Nd5 10.Na3 Ba6 11.d3 Rfe8 12.c4 Nc7 13.Rb1 Ne6 14.Be3 Qc7 15.Qa4 Bc8
16.Bd2 a5 17.Nc2 d6 18.Bc3 Bd7 19.exd6 exd6 20.Bxg7 Nxg7 21.Qa3 Nh5 22.Qc3 Nf4
23.Ne3 d5 24.cxd5 cxd5 25.d4 c4 26.b3 Rab8 27.Rbd1 Rbc8 28.bxc4 Bxh3 29.Nxd5 Rxe1+
30.Qxe1 Nxd5 31.cxd5 Qf4 32.Qf1 Qxf3 33.gxf3 Bxf1 34.Kxf1 Rd8 35.Ke2 Rxd5
36.Kd3 Rf5 37.Ke4 Kf8 38.d5 Ke7 39.Rc1 h5 40.f4 h4 41.Rh1 Rh5 42.Kf3 Kd6
43.Kg4 Rxd5 44.Rxh4 Rd2 45.f5 Rxf2 46.fxg6 fxg6 47.Kg3 Rf5 48.Rg4 g5 49.Rc4 Rc5
50.Rd4+ Ke5 51.Ra4 Kf5 52.Kf3 Rb5 53.Kg3 Kg6 54.Kf3 Kh5 55.Kg3 Rc5 56.Kh3 Rd5
57.Kg2 g4 58.Kg3 Rc5 59.Ra3 Rf5 60.Ra4  1/2-1/2

[Event "CZE-ch U20"]
[Site "Prague"]
[Date "1997.??.??"]
[Round "2"]
[White "Kubala, Petr"]
[Black "Klima, Lukas"]
[Result "1-0"]
[WhiteElo "2305"]
[BlackElo "2235"]

1.e4 c5 2.Nf3 Nc6 3.Bb5 g6 4.Bxc6 dxc6 5.h3 e5 6.d3 f6 7.Be3 Nh6 8.a4 Be6
9.Qd2 Nf7 10.Qc3 Qb6 11.a5 Qb4 12.Nfd2 Be7 13.b3 Qxc3 14.Nxc3 O-O 15.O-O b6
16.Na4 Rab8 17.Rfb1 f5 18.f3 Rfd8 19.axb6 axb6 20.b4 cxb4 21.Nxb6 Rb7 22.Kf1 Rdb8
23.Ra6 Rc7 24.Na4 Rb5 25.Ke2 Kg7 26.Bb6 Rb7 27.Nc4 fxe4 28.fxe4 Bc8 29.Bf2 c5
30.Rb6 R7xb6 31.Naxb6 Be6 32.Bg3 Bf6 33.Ra1 b3 34.cxb3 Rxb3 35.Ra7 Kh6 36.Nd5 Bxd5
37.exd5 Ng5 38.Bxe5 Bxe5 39.Nxe5 Rb2+ 40.Kf1 Kh5 41.g3  1-0

[Event "SVK-ch"]
[Site "Presov"]
[Date "1997.??.??"]
[Round "8"]
[White "Mikita, Jozef"]
[Black "Cherevatenko, Roman"]
[Result "0-1"]
[WhiteElo "2210"]
[BlackElo "2395"]

1.e4 c5 2.Nf3 Nc6 3.Bb5 g6 4.Bxc6 bxc6 5.O-O Bg7 6.Re1 Nh6 7.c3 O-O 8.d4 cxd4
9.cxd4 d6 10.Nc3 f6 11.h3 Nf7 12.Be3 Bd7 13.Qd2 Qc7 14.Rac1 Qb7 15.e5 fxe5
16.dxe5 Nxe5 17.Nxe5 Bxe5 18.Bg5 Rae8 19.f4 Bf6 20.Ne4 Bg7 21.b4 Qb6+ 22.Kh2 Qd4
23.Qxd4 Bxd4 24.g4 Bg7 25.Kg3 h6 26.Bh4 Rf7 27.Rcd1 Rb8 28.a3 Be8 29.Rd3 a5
30.bxa5 c5 31.a6 Bc6 32.a7 Ra8 33.Nd2 Rxa7 34.Rde3 e5 35.f5 g5 36.Nc4 gxh4+
37.Kxh4 Bf8 38.Rd1 Ra4 39.Nxd6 Rd7 40.Rxe5 Bxd6  0-1

[Event "TESCO op 4"]
[Site "Prievidza"]
[Date "1997.??.??"]
[Round "8"]
[White "Oral, Tomas"]
[Black "Babula, Vlastimil"]
[Result "1/2-1/2"]
[WhiteElo "2435"]
[BlackElo "2545"]

1.e4 c5 2.Nf3 Nc6 3.Bb5 d6 4.Bxc6+ bxc6 5.O-O Bg4 6.d3 Nf6 7.Nbd2 Nd7 8.h3 Bh5
9.b3 e5 10.Re1 Be7 11.Nf1 Nf8 12.Ng3 Bg6 13.c3 Ne6 14.Bb2 O-O 15.d4 f6 16.Nh4 Bf7
17.Nhf5 Kh8 18.dxe5 dxe5 19.Qxd8 Bxd8 20.Red1 g6 21.Nd6 Bg8 22.Nc4 Bc7 23.Rd7 Rad8
24.Rad1 Nf4 25.Ba3 Bxc4 26.bxc4 Ne6 27.Ne2 Kg8 28.Nc1 Ba5 29.Nb3 Bxc3 30.Rxd8 Rxd8
31.Rxd8+ Nxd8 32.Bxc5 a5 33.a4 Nb7 34.Ba3 Kf7 35.Kf1 Ke6 36.Ke2 h5 37.Kd3 Be1
38.Ke2 Bc3 39.Kd3  1/2-1/2

[Event "EU-chT (Women)"]
[Site "Pula"]
[Date "1997.??.??"]
[Round "1"]
[White "Klinova, Masha"]
[Black "Flear, Christine"]
[Result "1-0"]
[WhiteElo "2340"]
[BlackElo "2250"]

1.e4 c5 2.Nf3 Nc6 3.Bb5 d6 4.Bxc6+ bxc6 5.O-O Bg4 6.h3 Bxf3 7.Qxf3 e6 8.b3 Ne7
9.Bb2 Ng6 10.Re1 Be7 11.e5 d5 12.Nc3 O-O 13.Na4 Qc7 14.d3 Rae8 15.Qg3 Qa5
16.c4 d4 17.Qg4 Kh8 18.Ba3 f6 19.exf6 Rxf6 20.Rxe6 Rxe6 21.Qxe6 Qd2 22.Bxc5 Nf4
23.Qd7 Rf8 24.Bxe7 Nxh3+ 25.Qxh3 Qxf2+ 26.Kh1  1-0

[Event "EU-chT (Men)"]
[Site "Pula"]
[Date "1997.??.??"]
[Round "3"]
[White "Damaso, Rui"]
[Black "Stanec, Nikolaus"]
[Result "1/2-1/2"]
[WhiteElo "2465"]
[BlackElo "2460"]

1.e4 c5 2.Nf3 Nc6 3.Bb5 e6 4.Bxc6 dxc6 5.O-O Ne7 6.Re1 Ng6 7.e5 Be7 8.d3 O-O
9.a4 f5 10.Bd2 Nh8 11.Qc1 Nf7 12.Nc3 g5 13.h3 h5 14.h4 g4 15.Ng5 Nxg5 16.Bxg5 Bxg5
17.Qxg5+ Qxg5 18.hxg5 b6 19.f4 Kg7 20.a5 b5 21.Ne2  1/2-1/2

[Event "EU-chT (Men)"]
[Site "Pula"]
[Date "1997.??.??"]
[Round "3"]
[White "Westerinen, Heikki MJ"]
[Black "Nedev, Trajce"]
[Result "1/2-1/2"]
[WhiteElo "2425"]
[BlackElo "2475"]

1.e4 c5 2.Nf3 Nc6 3.Bb5 e6 4.O-O Nge7 5.b3 Ng6 6.Bb2 f6 7.Re1 Be7 8.d4 cxd4
9.Nxd4 O-O 10.Bf1 Bc5 11.Nxc6 dxc6 12.Qxd8 Rxd8 13.Nc3 b5 14.a4 b4 15.Rad1 Bd7
16.Nb1 e5 17.Bc4+ Kf8 18.g3 Bh3 19.Bf1 Bg4 20.Rd3 Ke7 21.Kg2 h5 22.h4 Nf8
23.f3 Rxd3 24.Bxd3 Be6 25.Nd2 Rd8 26.Kf1 Bf7 27.Nc4 Ne6 28.Na5 Be8 29.Nb7 Rd7
30.Nxc5 Nxc5 31.Bc4 Rd2 32.Re2 Rd1+ 33.Re1 Rd2 34.Re2  1/2-1/2

[Event "EU-chT (Women)"]
[Site "Pula"]
[Date "1997.??.??"]
[Round "3"]
[White "Klinova, Masha"]
[Black "Galliamova, Alisa"]
[Result "1/2-1/2"]
[WhiteElo "2340"]
[BlackElo "2440"]

1.e4 c5 2.Nf3 Nc6 3.Bb5 e5 4.Bxc6 dxc6 5.d3 Qf6 6.Be3 Bd6 7.Nbd2 b6 8.a4 Ne7
9.a5 Rb8 10.axb6 axb6 11.Nc4 Bc7 12.Ra7 Bb7 13.Qa1 O-O 14.O-O Ng6 15.b4 cxb4
16.Bxb6 Bxb6 17.Nxb6 Bc8 18.Nc4 Re8 19.Ra5 Rb5 20.Rxb5 cxb5 21.Ne3 Nf4 22.Nd5 Nxd5
23.exd5 Qd6 24.Qa5 Qc5 25.d6 Qxd6 26.Qxb5 Bd7 27.Qa5 Bc6 28.Qb6 Rb8 29.Qe3 f6
30.Rb1 Ba4 31.Rb2 Rc8 32.Ne1 h6 33.h3 Rc7 34.Qe4 Rc8 35.Rxb4 Bxc2 36.Nxc2 Rxc2
37.Qa8+ Kh7 38.Qe4+ Kg8 39.Qa8+ Kh7 40.Qe4+ g6 41.Rb7+ Rc7 42.Rxc7+ Qxc7
43.d4 exd4  1/2-1/2

[Event "Pula op"]
[Site "Pula"]
[Date "1997.??.??"]
[Round "4"]
[White "Grosar, Kiti"]
[Black "Galliamova, Alisa"]
[Result "0-1"]
[WhiteElo "2225"]
[BlackElo "2440"]

1.e4 c5 2.Nf3 Nc6 3.Bb5 e6 4.O-O Nge7 5.Nc3 Ng6 6.Bxc6 bxc6 7.e5 f6 8.d4 cxd4
9.Qxd4 Qb6 10.Qg4 Be7 11.exf6 gxf6 12.Rd1 Kf7 13.Ne4 d5 14.Ng3 h5 15.Nxh5 e5
16.Nxe5+ fxe5 17.Qf3+ Ke8 18.Ng7+ Kd8 19.Be3 Qb4 20.c4 Qxc4 21.Rac1 Nh4 22.Rxc4 Nxf3+
23.gxf3 Rh7 24.Rxc6 Rxg7+ 25.Kf1 d4 26.f4 Bd7 27.Rh6 Bb5+  0-1

[Event "EU-chT (Women)"]
[Site "Pula"]
[Date "1997.??.??"]
[Round "4"]
[White "Velikhanli, Firuza"]
[Black "Tsifanskaya, Ludmila A"]
[Result "1-0"]
[WhiteElo "2350"]
[BlackElo "2265"]

1.e4 c5 2.Nf3 Nc6 3.Bb5 g6 4.O-O Bg7 5.c3 Nf6 6.Re1 O-O 7.d4 d5 8.e5 Ne4
9.Bxc6 bxc6 10.Nbd2 cxd4 11.cxd4 c5 12.dxc5 Nxc5 13.Nb3 Nxb3 14.Qxb3 Ba6
15.Qa4 Bb7 16.Qh4 Rc8 17.b3 d4 18.Qxd4 Qc7 19.Qxa7 Ra8 20.Qe3 Bxf3 21.gxf3 Rfd8
22.Bb2 Qc2 23.Re2 Qf5 24.e6 Bxb2 25.exf7+ Qxf7 26.Rxb2 Ra6 27.Re1 Rad6 28.Rbe2 e5
29.Qxe5 Qxf3 30.Qe4 Qf6 31.Qc4+ Kf8 32.Re4 g5 33.Re6 Qf5 34.Qe4 Qxe4 35.R6xe4 Rd2
36.R4e2 R2d4 37.f3 Rf4 38.Kg2 h5 39.h3 g4 40.fxg4 hxg4 41.h4 Rfd4 42.Kg3 Kf7
43.Re4 Rd3+ 44.R1e3 Rxe3+ 45.Rxe3 Kf6 46.Kxg4 Rd4+ 47.Kg3 Kf5 48.Rf3+ Ke5
49.h5 Rd1 50.Kg4  1-0

[Event "EU-chT (Men)"]
[Site "Pula"]
[Date "1997.??.??"]
[Round "6"]
[White "Nedev, Trajce"]
[Black "Yilmaz, Turham"]
[Result "0-1"]
[WhiteElo "2475"]
[BlackElo "2390"]

1.e4 c5 2.Nf3 Nc6 3.Bb5 g6 4.Bxc6 dxc6 5.d3 Bg7 6.O-O Nf6 7.Nc3 O-O 8.Be3 b6
9.Qc1 Ng4 10.Bf4 e5 11.Bg3 f6 12.h3 Nh6 13.a3 Nf7 14.b4 Qe7 15.Na4 c4 16.dxc4 Ba6
17.Nb2 Nd6 18.Qe3 f5 19.exf5 Nxf5 20.Qe4 Nd6 21.Qe2 e4 22.c3 Bxc3 23.Rad1 Nf5
24.Nh2 e3 25.Rd3 Bxb2 26.Qxb2 Bxc4 27.Rxe3 Nxe3 28.Re1 Rad8 29.fxe3 h5 30.Nf3 Qe4
31.Bf4 Rfe8 32.Qf6 Qe6 33.Qg5 Bd5 34.Nh4 Be4 35.Nf3 Bxf3 36.gxf3 Rd5 37.Qg3 Red8
38.e4 Rd1 39.Qf2 Rxe1+ 40.Qxe1 Qxh3 41.Kf2 g5 42.Bxg5 Rd3 43.Qe2 Qh2+ 44.Kf1 Qxe2+
45.Kxe2 Rxa3 46.f4 Rg3 47.Bd8 c5 48.bxc5 bxc5 49.f5 c4 50.Bc7 Rg4 51.e5 Rg5  0-1

[Event "EU-chT (Men)"]
[Site "Pula"]
[Date "1997.??.??"]
[Round "8"]
[White "Rocha, Sergio"]
[Black "Miladinovic, Igor"]
[Result "1-0"]
[WhiteElo "2405"]
[BlackElo "2510"]

1.e4 c5 2.Nf3 Nc6 3.Bb5 g6 4.O-O Bg7 5.Bxc6 dxc6 6.d3 e5 7.Nbd2 Qc7 8.Nc4 b6
9.a3 Ne7 10.b4 cxb4 11.axb4 O-O 12.Bb2 f6 13.Nfd2 Be6 14.Ra6 Rad8 15.Qa1 Nc8
16.Bc3 Rd7 17.Qb2 h5 18.Rfa1 Bf7 19.Qc1 Qd8 20.Qf1 Bh6 21.Qe2 Qe7 22.Kh1 Be6
23.Bb2 Re8 24.Bc3 Qf7 25.Rf1 Kh7 26.Raa1 g5 27.f3 Bg7 28.g3 Ne7 29.f4 exf4
30.gxf4 Nd5 31.exd5 Bxd5+ 32.Ne4 f5 33.Ne5 fxe4 34.Kg1 Rxe5 35.Bxe5 g4 36.c4 Be6
37.Bxg7 exd3 38.Qe5 d2 39.Bf6 Bxc4 40.Rfd1 Bb3 41.Rxd2 Rxd2 42.Rxa7 Qxa7
43.Qxh5+ Kg8 44.Qh8+ Kf7 45.Qg7+ Ke6 46.Qxa7 Kxf6 47.Qxb6 Ba4 48.Qc7 Rd5
49.Kf2 Kf5 50.Qf7+ Ke4 51.Kg3 Rd3+ 52.Kxg4 Bd1+ 53.Kg5 Rd5+ 54.f5 Bc2 55.h4  1-0

[Event "Recklinghausen"]
[Site "Recklinghausen"]
[Date "1997.??.??"]
[Round "1"]
[White "Galdunts, Sergey"]
[Black "Lazarev, Vladimir"]
[Result "1-0"]
[WhiteElo "2435"]
[BlackElo "2500"]

1.e4 c5 2.Nf3 Nc6 3.Bb5 e6 4.O-O Nge7 5.Re1 a6 6.Bf1 d5 7.d3 Ng6 8.exd5 Qxd5
9.Nc3 Qd8 10.g3 Be7 11.h4 Nf8 12.Bg2 Nd7 13.Be3 Nf6 14.d4 Ng4 15.d5 Nb4 16.Bg5 f6
17.Bf4 e5 18.Bc1 Bf5 19.Re2 a5 20.h5 O-O 21.Nh4 Bc8 22.a3 Na6 23.f3 Nh6 24.Bxh6 gxh6
25.Qd2 c4 26.Kh1 f5 27.Rxe5 Bd6 28.f4 Bxe5 29.fxe5 f4 30.Rf1 fxg3 31.Rxf8+ Qxf8
32.Ne4 Kh8 33.e6 Qg7 34.Nf5 Qxb2 35.Nfxg3 Qe5 36.Qxh6 Bxe6 37.Qxe6 Qxe6 38.dxe6 Re8
39.Bh3 Nc7 40.Nd6 Re7 41.Nc8 Rg7 42.Kh2 Rg5 43.Nd6 Rd5 44.Nge4 Rxh5 45.e7 b5
46.Nf6 Rc5 47.Be6 Rc6 48.Nf7+ Kg7 49.Nh5+ Kg6 50.Ne5+ Kxh5 51.Nxc6 Kg6 52.c3 Kf6
53.Bg8 Kg7 54.Bd5 Kf6 55.Kg3 Ne8 56.Kf4 Nd6 57.Bf3 b4 58.cxb4 axb4 59.axb4 c3
60.Ke3 Nf5+ 61.Kd3 Nxe7 62.Nxe7 Kxe7 63.Kxc3  1-0

[Event "Recklinghausen"]
[Site "Recklinghausen"]
[Date "1997.??.??"]
[Round "6"]
[White "Mainka, Romuald"]
[Black "Lazarev, Vladimir"]
[Result "1/2-1/2"]
[WhiteElo "2520"]
[BlackElo "2500"]

1.e4 c5 2.Nf3 Nc6 3.Bb5 e6 4.O-O Nge7 5.Re1 Nd4 6.Nxd4 cxd4 7.c3 Nc6 8.Qg4 h5
9.Qe2 Bc5 10.b4 Bb6 11.Na3 Qh4 12.Nc4 Bc7 13.e5 O-O 14.g3 Qh3 15.Bb2 dxc3
16.Bxc3 b6 17.Nd6 Bxd6 18.Bxc6 dxc6 19.exd6 f6 20.Qc4 Rd8 21.Qe4 e5  1/2-1/2

[Event "ISL-chB"]
[Site "Reykjavik"]
[Date "1997.??.??"]
[Round "6"]
[White "Bjornsson, Sigurbjorn"]
[Black "Thorfinnsson, Bragi"]
[Result "0-1"]
[WhiteElo "2195"]
[BlackElo "2160"]

1.e4 c5 2.Nf3 Nc6 3.Bb5 a6 4.Bxc6 bxc6 5.O-O d6 6.d3 e6 7.Nbd2 Ne7 8.Nc4 d5
9.Nce5 f6 10.Ng4 e5 11.Ne3 Be6 12.b3 g5 13.Nd2 Ng6 14.exd5 cxd5 15.c4 d4
16.Nd5 Bg7 17.Ne4 O-O 18.Nxc5 Bxd5 19.cxd5 Qxd5 20.Ne4 Rfc8 21.Qf3 Qe6 22.Ba3 g4
23.Qd1 f5 24.Nd6 Rc6 25.Nc4 Qd5 26.f3 Nf4 27.Bc1 Ng6 28.fxg4 Nh4 29.Rf2 e4
30.gxf5 e3 31.Rc2 Nxf5 32.Ba3 Rg6 33.Rac1 Bh6 34.Nb6 Rxb6 35.Rc8+ Rxc8 36.Rxc8+ Kg7
37.Rc7+ Kf6 38.Qh5 Rc6 39.Be7+ Ke6 40.Qe8 Rxc7 41.Ba3+ Kf6  0-1

[Event "WchT U26"]
[Site "Roque Saenz Pena"]
[Date "1997.??.??"]
[Round "2"]
[White "Kazhgaleyev, Murtas"]
[Black "Scarpa, Joaquin"]
[Result "1-0"]
[WhiteElo "2500"]
[BlackElo "2220"]

1.e4 c5 2.Nf3 Nc6 3.Bb5 g6 4.O-O Bg7 5.c3 Nf6 6.Re1 O-O 7.h3 a6 8.Bxc6 dxc6
9.d4 cxd4 10.cxd4 Qc7 11.Nc3 b6 12.Bg5 Bb7 13.Qb3 c5 14.e5 cxd4 15.Nxd4 Nd7
16.Bxe7 Nc5 17.Bxc5 bxc5 18.Nc2 Rab8 19.Qc4 Bxe5 20.Rad1 Rfd8 21.b3 Qc6 22.Nd5 Re8
23.Re2 Re6 24.f4 Bd6 25.Rxe6 fxe6 26.Nde3 Bc7 27.Ne1 Rf8 28.Nd3 Rd8 29.Rc1 Bb6
30.Ne5 Qe8 31.N5g4 Qe7 32.f5 Rd2 33.Rf1 gxf5 34.Rxf5 Rd4 35.Nh6+ Kh8 36.Rf7 Qxf7
37.Nxf7+ Kg7 38.Qxe6  1-0

[Event "WchT U26"]
[Site "Roque Saenz Pena"]
[Date "1997.??.??"]
[Round "9"]
[White "Kazhgaleyev, Murtas"]
[Black "Bancod, Ronald"]
[Result "1-0"]
[WhiteElo "2500"]
[BlackElo "2405"]

1.e4 c5 2.Nf3 Nc6 3.Bb5 g6 4.O-O Bg7 5.c3 Nf6 6.Re1 O-O 7.h3 a6 8.Bxc6 dxc6
9.d4 cxd4 10.cxd4 c5 11.e5 Nd5 12.dxc5 Be6 13.Qd4 Qc7 14.Nc3 Rfd8 15.Ng5 Nxc3
16.Nxe6 fxe6 17.Qxc3 Rd5 18.Be3 Rad8 19.f4 g5 20.Rac1 Qc6 21.Qc2 Rd3 22.Qe2 Qe4
23.fxg5 Bxe5 24.Bf2 Qxe2 25.Rxe2 Rd1+ 26.Re1 Rxc1 27.Rxc1 Bxb2 28.Rc2 Rd1+
29.Kh2 Be5+ 30.g3 Kf7 31.Kg2 Rd3 32.h4 Bc3 33.Kf1 e5 34.g4 Ke6  1-0

[Event "San Agustin opJ"]
[Site "San Agustin"]
[Date "1997.??.??"]
[Round "?"]
[White "Pali, Adrian"]
[Black "Fernandez Garcia, Miguel Angel"]
[Result "1/2-1/2"]
[WhiteElo "2170"]
[BlackElo "2245"]

1.e4 c5 2.Nf3 Nc6 3.Bb5 e6 4.O-O Nge7 5.c3 d5 6.exd5 Qxd5 7.d4 cxd4 8.c4 Qh5
9.Nxd4 Qxd1 10.Rxd1 Bd7 11.Be3 e5 12.Nf3 f6 13.Nc3 Nf5 14.Ne4 Nxe3 15.fxe3 O-O-O
16.Nd6+ Bxd6 17.Rxd6 Bf5 18.Rad1 Rxd6 19.Rxd6 Rd8 20.Rxd8+ Nxd8 21.c5 Kc7
22.Nd2 Be6 23.a3 Bd5 24.Bd3 h6 25.Kf2 Ne6 26.b4 a5 27.Nc4 axb4 28.axb4 Bxc4
29.Bxc4 Nf8 30.Kf3 b6 31.cxb6+ Kxb6 32.Ke4 Kc6 33.Kf5 Kd6 34.h4 h5 35.Bf7 Kc6
36.Bxh5 Kb5 37.Bf3 Kxb4 38.g4 Kc5 39.Bb7 Kd6 40.Bc8 Ke7 41.g5 g6+ 42.Kg4 fxg5
43.Kxg5 Kf7  1/2-1/2

[Event "Texas-ch"]
[Site "San Antonio"]
[Date "1997.??.??"]
[Round "4"]
[White "Unalmis, Omer Haldun"]
[Black "Shtern, Igor"]
[Result "1/2-1/2"]
[WhiteElo "2378"]
[BlackElo "2411"]

1.e4 c5 2.Nf3 Nc6 3.Bb5 g6 4.O-O Bg7 5.c3 Nf6 6.e5 Nd5 7.d4 cxd4 8.cxd4 O-O
9.Nc3 Nc7 10.Ba4 d6 11.Bxc6 bxc6 12.h3 Bb7 13.Be3 Ne6 14.exd6 Qxd6 15.Qb3 Rab8
16.Rfd1 Ba8 17.Qc2 f5 18.Ne2 f4 19.Bd2 Kh8 20.Bc3 Qd5 21.b4 Ng5 22.Nxg5 Qxg5
23.f3 Bb7 24.Kh1 Ba6 25.a3 Bc4 26.Bb2 Bd5 27.Nc3 Rbc8 28.Rac1 Be6 29.Ne4  1/2-1/2

[Event "Mechanics"]
[Site "San Francisco"]
[Date "1997.??.??"]
[Round "9"]
[White "Bhat, Vinay S"]
[Black "Frias, Victor J"]
[Result "0-1"]
[WhiteElo "2235"]
[BlackElo "2515"]

1.e4 c5 2.Nf3 Nc6 3.Bb5 g6 4.Bxc6 dxc6 5.h3 Bg7 6.d3 Nf6 7.Be3 c4 8.Nc3 cxd3
9.cxd3 O-O 10.O-O Ne8 11.d4 Nd6 12.Qc2 Kh8 13.Bf4 f5 14.e5 Nf7 15.Rad1 e6
16.Qc1 h6 17.h4 Rg8 18.g3 b6 19.Ne2 Qd5 20.Kg2 Ba6 21.Rfe1 Rac8 22.b3 Rgd8
23.Nc3 Qd7 24.Qa3 Bb7 25.Qxa7 g5 26.hxg5 hxg5 27.Bxg5 c5 28.d5 Nxg5 29.Qxb6 Nxf3
30.Kxf3 exd5 31.Qg6 d4+ 32.Kf4 Kg8 33.Nb5 Qd5 34.Rd3 Rc6 35.e6 Rf8 36.f3 Rb6
37.a4 Qc6 38.Qh5 Rxb5 39.axb5 Qd6+  0-1

[Event "Navarro mem"]
[Site "Santiago de Chile"]
[Date "1997.??.??"]
[Round "6"]
[White "Llorens, Marcelo"]
[Black "Barria, Daniel"]
[Result "0-1"]
[WhiteElo "2235"]
[BlackElo "2355"]

1.e4 c5 2.Nf3 Nc6 3.Bb5 g6 4.O-O Bg7 5.c3 Nf6 6.Re1 O-O 7.d3 d6 8.Nbd2 Bd7
9.Nf1 a6 10.Ba4 b5 11.Bc2 e5 12.h3 d5 13.Bg5 d4 14.cxd4 cxd4 15.Bb3 h6 16.Bd2 Qe7
17.g4 h5 18.g5 Ne8 19.Kh2 Nc7 20.Nh4 Ne6 21.Ng3 Nf4 22.Nxg6 Nxg6 23.Qxh5 Be6
24.Nf5 Qd7 25.Nxg7 Kxg7 26.Qh6+ Kg8 27.Bd1 Nce7 28.Rg1 Rac8 29.h4 Rc6 30.Bh5 Bh3
31.Bb4 Nf4 32.Bxe7 Rxh6 33.gxh6+ Bg2 34.Rxg2+ Nxg2 35.h7+ Kxh7 36.Bxf8 Nf4  0-1

[Event "Bayern-ch Seniors op"]
[Site "Schloss Schney"]
[Date "1997.??.??"]
[Round "2"]
[White "Gudat, Alfons"]
[Black "Ruf, Karl"]
[Result "1-0"]
[WhiteElo "2016"]
[BlackElo "1681"]

1.e4 c5 2.Nf3 Nc6 3.Bb5 d6 4.O-O Bd7 5.c3 Nf6 6.Re1 a6 7.Bxc6 Bxc6 8.d4 Bxe4
9.Bg5 Bf5 10.Nbd2 h6 11.Bh4 g5 12.Bg3 Bg7 13.Qb3 b5 14.c4 Bd7 15.Bxd6 Be6
16.Bxc5 bxc4 17.Qa4+ Qd7 18.Qa3 O-O 19.Ne5 Qc7 20.Rac1 Rfe8 21.Ndxc4 Nd5
22.b4 Bf5 23.Qf3 e6 24.Nd6 Bxe5 25.dxe5 Bg6 26.Nxe8 Rxe8 27.h4 Qd8 28.h5 Bh7
29.g3 Qd7 30.Bd6 f5 31.exf6 Qxd6 32.f7+ Kf8 33.fxe8=Q+ Kxe8 34.Rc8+ Kd7 35.Rec1 Qxb4
36.Qf7+ Qe7 37.R1c7+  1-0

[Event "Bayern-ch Seniors op"]
[Site "Schloss Schney"]
[Date "1997.??.??"]
[Round "5"]
[White "Reichenbacher, Gerhard"]
[Black "Gudat, Alfons"]
[Result "1-0"]
[WhiteElo "1919"]
[BlackElo "2016"]

1.e4 c5 2.Nf3 Nc6 3.Bb5 g6 4.O-O Bg7 5.c3 Nf6 6.Re1 O-O 7.d4 cxd4 8.cxd4 d5
9.e5 Ne4 10.h3 Qb6 11.Bf1 f6 12.Nc3 Nxc3 13.bxc3 fxe5 14.dxe5 e6 15.Be3 Qa5
16.Bd4 Bd7 17.Rb1 b6 18.a4 Nxd4 19.Nxd4 a6 20.c4 Qc5 21.cxd5 Rf4 22.Nxe6 Qxf2+
23.Kh1 Bxe6 24.dxe6 Qd4 25.Qxd4 Rxd4 26.Rxb6 Bf8 27.Rxa6 Rxa6 28.Bxa6 Rxa4
29.Bb5 Ra5 30.Bc4 Be7 31.Re4 g5 32.Be2 Kg7 33.Bh5 Kf8 34.Kh2 Ra6 35.Bf7 h5
36.Rc4 h4 37.Kg1 Ra5 38.Re4 Bc5+ 39.Kf1 Ra1+ 40.Ke2 Ra2+ 41.Kf3 Rf2+ 42.Kg4 Rxg2+
43.Kh5 Be7 44.Rc4 Rd2 45.Rc8+ Rd8 46.Rc7 Rd5 47.Kg6 g4 48.hxg4 h3 49.Rc3 Rd4
50.g5  1-0